00709nam a22002177a 450000500170000001000130001702000230003003500130005303700160006604000120008208200130009410000180010724501260012526000400025127000550029130000250034650000400037165000460041170000160045770000180047320170124110037.0 aB-220708 c550.00a8174873821 aB-220708 bCen Lib/Ret aDPLbEN a920bKAP aKapoor, A. N. aAn encyclopeadic dictionary of eminent personalities :cby A. N. Kapoor, V. P. Gupta [and] Mohini Guptabmedieval India / aNew DelhibRadha Publicationsc2005 a4378/4B, Ansari Road, DaryaganjbNew Delhie110002 axii,322p. c20cm(Hb) aIncludes bibliographical references aDictionary of Personalities.vDictionary. aGupta, V.P. aGupta, Mohini